| 000 | 00599nam a2200181Ia 4500 | ||
|---|---|---|---|
| 008 | 090630s9999 xx 000 0 und d | ||
| 082 | _b11814 | ||
| 100 | _aदातार सुषमा. | ||
| 245 |
_aपपेटची दुनिया. _cदातार सुषमा. |
||
| 260 |
_bजयदीप. _c1991 |
||
| 300 | _a59 | ||
| 600 | _aदातार सुषमा. | ||
| 630 | _aपपेटची दुनिया. | ||
| 655 | _aबालवाङमय. | ||
| 700 | _aदातार सुषमा. | ||
| 730 | _aपपेटची दुनिया. | ||
| 942 | _cBOOK | ||
| 999 |
_c263670 _d263670 |
||